[Event "55th Rubinstein Memorial-A 2019"]
[Site "Polanica-Zdroj"]
[Date "2019.08.25"]
[Round "9.25"]
[White "Jeda, Maciej"]
[Black "Wnek, Filip"]
[Result "0-1"]
[WhiteElo "1815"]
[BlackElo "2021"]
[Annotator "NA"]
[PlyCount "120"]
[EventDate "2019.08.17"]
[EventType "swiss"]
[EventCountry "POL"]
[SourceTitle "playchess.com"]
[Source "ChessBase"]
[SourceQuality "1"]
[TimeControl "40/5400+30:1800+30"]

1. e4 {[%emt 0:00:00]} c5 {[%emt 0:00:00]} 2. Nf3 {[%emt 0:00:00]} d6 {[%emt 0:00:00]} 3. d4 {[%emt 0:00:00]} cxd4 {[%emt 0:00:00]} 4. Nxd4 {[%emt 0:00:00]} Nf6 {[%emt 0:00:00]} 5. Nc3 {[%emt 0:00:10]} a6 {[%emt 0:00:00]} 6. a4 {[%emt 0:01:08]} e6 {[%emt 0:12:18]} 7. Be2 {[%emt 0:01:18]} Nbd7 {[%emt 0:00:24]} 8. Be3 {[%emt 0:02:41]} b6 {[%emt 0:01:39]} 9. O-O {[%emt 0:05:00]} Bb7 {[%emt 0:00:14]} 10. f3 {[%emt 0:00:16]} Be7 {[%emt 0:00:13]} 11. Qe1 {[%emt 0:02:28]} O-O {[%emt 0:01:06]} 12. Qg3 {[%emt 0:03:54]} Kh8 {[%emt 0:05:35]} 13. Rfd1 {[%emt 0:05:33]} Rc8 {[%emt 0:00:29]} 14. Nb3 {[%emt 0:30:53]} Qc7 {[%emt 0:13:54]} 15. Qf2 {[%emt 0:01:25]} Rfd8 {[%emt 0:10:03]} 16. Rd2 {[%emt 0:17:08]} Nc5 {[%emt 0:06:33]} 17. Rad1 {[%emt 0:06:16]} Rd7 {[%emt 0:09:34]} 18. Nd4 {[%emt 0:07:24]} d5 {[%emt 0:05:43]} 19. exd5 {[%emt 0:01:31]} Nxd5 {[%emt 0:00:08]} 20. Nxd5 {[%emt 0:00:31]} Rxd5 {[%emt 0:03:13]} 21. b3 {[%emt 0:03:05]} Rcd8 {[%emt 0:00:52]} 22. Bc4 {[%emt 0:01:50]} R5d7 {[%emt 0:00:36]} 23. Qe2 {[%emt 0:01:42]} Qe5 {[%emt 0:10:37]} 24. Qf2 {[%emt 0:01:22]} Bd6 {[%emt 0:01:23]} 25. g3 {[%emt 0:00:21]} Qf6 {[%emt 0:00:18]} 26. Kg2 {[%emt 0:01:15]} Bc7 {[%emt 0:02:19]} 27. Ne2 {[%emt 0:02:18]} Rxd2 {[%emt 0:01:21]} 28. Rxd2 {[%emt 0:00:07]} Rxd2 {[%emt 0:00:06]} 29. Bxd2 {[%emt 0:00:08]} Qb2 {[%emt 0:01:10]} 30. Be3 {[%emt 0:03:29]} Nd7 {[%emt 0:04:08]} 31. Nd4 {[%emt 0:01:08]} Nf6 {[%emt 0:01:31]} 32. Kh3 {[%emt 0:00:49]} Nd5 {[%emt 0:04:32]} 33. Qd2 {[%emt 0:00:31]} Nxe3 {[%emt 0:01:20]} 34. Qxe3 {[%emt 0:00:06]} Qa3 {[%emt 0:00:43]} 35. Qd3 {[%emt 0:00:55]} Qd6 {[%emt 0:03:07]} 36. Qe3 {[%emt 0:00:24]} e5 {[%emt 0:00:46]} 37. Nf5 {[%emt 0:00:33]} Bc8 {[%emt 0:00:42]} 38. Qg5 {[%emt 0:00:36]} Qg6 {[%emt 0:00:29]} 39. Qe7 {[%emt 0:00:31]} Qxf5+ {[%emt 0:00:30]} 40. Kg2 {[%emt 0:00:00]} Qxc2+ {[%emt 0:00:00]} 41. Kg1 {[%emt 0:00:51]} Qd1+ {[%emt 0:00:27]} 42. Kg2 {[%emt 0:00:13]} Qd8 {[%emt 0:00:14]} 43. Qxf7 {[%emt 0:00:18]} Bd6 {[%emt 0:00:44]} 44. Bd5 {[%emt 0:01:00]} Bd7 {[%emt 0:01:19]} 45. Be4 {[%emt 0:00:44]} Qe8 {[%emt 0:06:53]} 46. Qd5 {[%emt 0:00:26]} Bb8 {[%emt 0:01:12]} 47. Qb7 {[%emt 0:00:14]} Qc8 {[%emt 0:00:53]} 48. Qxb6 {[%emt 0:00:10]} Bh3+ {[%emt 0:00:11]} 49. Kf2 {[%emt 0:00:25]} Qc7 {[%emt 0:02:08]} 50. Qb4 {[%emt 0:00:23]} Ba7+ {[%emt 0:00:37]} 51. Ke2 {[%emt 0:00:09]} Qc5 {[%emt 0:00:39]} 52. Qb7 {[%emt 0:00:33]} Qe3+ {[%emt 0:00:31]} 53. Kd1 {[%emt 0:00:07]} Be6 {[%emt 0:00:22]} 54. Qa8+ {[%emt 0:00:53]} Bg8 {[%emt 0:00:32]} 55. Qe8 {[%emt 0:00:18]} Qxb3+ {[%emt 0:00:22]} 56. Ke2 {[%emt 0:00:11]} Qe3+ {[%emt 0:00:34]} 57. Kd1 {[%emt 0:00:08]} Qg1+ {[%emt 0:00:18]} 58. Ke2 {[%emt 0:00:16]} Qxh2+ {[%emt 0:00:21]} 59. Kd3 {[%emt 0:00:08]} Qxg3 {[%emt 0:00:51]} 60. Qh5 {[%emt 0:00:49]} Qf4 {[%emt 0:01:46] Kd4} 0-1

[Event "55th Rubinstein Memorial-A 2019"]
[Site "Polanica-Zdroj"]
[Date "2019.08.25"]
[Round "9.26"]
[White "Kaczmarek, Arkadiusz"]
[Black "Twardowski, Hubert"]
[Result "1/2-1/2"]
[WhiteElo "1986"]
[BlackElo "1822"]
[Annotator "NA"]
[PlyCount "130"]
[EventDate "2019.08.17"]
[EventType "swiss"]
[EventCountry "POL"]
[SourceTitle "playchess.com"]
[Source "ChessBase"]
[SourceQuality "1"]
[TimeControl "40/5400+30:1800+30"]

1. d4 {[%emt 0:00:00]} Nf6 {[%emt 0:01:09]} 2. c4 {[%emt 0:00:00]} g6 {[%emt 0:00:36]} 3. Nc3 {[%emt 0:00:00]} d5 {[%emt 0:00:15]} 4. cxd5 {[%emt 0:00:00]} Nxd5 {[%emt 0:00:05]} 5. e4 {[%emt 0:00:07]} Nxc3 {[%emt 0:01:03]} 6. bxc3 {[%emt 0:00:02]} Bg7 {[%emt 0:00:15]} 7. Bc4 {[%emt 0:00:08]} c5 {[%emt 0:00:13]} 8. Ne2 {[%emt 0:00:06]} Nc6 {[%emt 0:00:08]} 9. Be3 {[%emt 0:00:08]} O-O {[%emt 0:00:33]} 10. O-O {[%emt 0:00:07]} Bg4 {[%emt 0:09:51]} 11. f3 {[%emt 0:00:13]} Na5 {[%emt 0:06:45]} 12. Bd3 {[%emt 0:00:14]} cxd4 {[%emt 0:00:42]} 13. cxd4 {[%emt 0:00:10]} Be6 {[%emt 0:00:42]} 14. d5 {[%emt 0:00:12]} Bxa1 {[%emt 0:05:35]} 15. Qxa1 {[%emt 0:00:02]} f6 {[%emt 0:00:10]} 16. Bh6 {[%emt 0:00:14]} Re8 {[%emt 0:00:09]} 17. Kh1 {[%emt 0:00:14]} Bd7 {[%emt 0:05:55]} 18. e5 {[%emt 0:05:01]} e6 {[%emt 0:00:26]} 19. exf6 {[%emt 0:11:10]} Kf7 {[%emt 0:00:28]} 20. Bg7 {[%emt 0:03:16]} exd5 {[%emt 0:14:32]} 21. Qc1 {[%emt 0:18:37]} Re6 {[%emt 0:33:12]} 22. Nf4 {[%emt 0:19:50]} Rc8 {[%emt 0:09:59]} 23. Nxe6 {[%emt 0:02:34]} Bxe6 {[%emt 0:00:02]} 24. Qh6 {[%emt 0:00:27]} Qg8 {[%emt 0:00:10]} 25. f4 {[%emt 0:06:44]} Rc3 {[%emt 0:01:29]} 26. Bb1 {[%emt 0:01:16]} Nc4 {[%emt 0:01:44]} 27. f5 {[%emt 0:00:19]} Bxf5 {[%emt 0:00:47]} 28. Bxf5 {[%emt 0:02:20]} Ne3 {[%emt 0:00:08]} 29. Rb1 {[%emt 0:10:09]} Nxf5 {[%emt 0:01:32]} 30. Qd2 {[%emt 0:00:24]} d4 {[%emt 0:05:13]} 31. Rxb7+ {[%emt 0:13:57]} Ke6 {[%emt 0:00:04]} 32. Kg1 {[%emt 0:05:41]} Qc8 {[%emt 0:01:15]} 33. Qe2+ {[%emt 0:00:14]} Ne3 {[%emt 0:00:45]} 34. Qa6+ {[%emt 0:01:20]} Rc6 {[%emt 0:00:32]} 35. Re7+ {[%emt 0:00:18]} Kd6 {[%emt 0:00:18]} 36. Qa3+ {[%emt 0:01:18]} Kd5 {[%emt 0:00:26]} 37. Qb3+ {[%emt 0:00:31]} Kd6 {[%emt 0:00:40]} 38. Qb4+ {[%emt 0:00:45]} Kd5 {[%emt 0:00:18]} 39. Qb5+ {[%emt 0:00:41]} Rc5 {[%emt 0:00:42]} 40. Qd7+ {[%emt 0:00:00]} Qxd7 {[%emt 0:00:00]} 41. Rxd7+ {[%emt 0:00:32]} Ke6 {[%emt 0:11:38]} 42. Re7+ {[%emt 0:09:45]} Kd6 {[%emt 0:00:08]} 43. Kf2 {[%emt 0:00:42]} Rf5+ {[%emt 0:14:02]} 44. Ke2 {[%emt 0:01:16]} a5 {[%emt 0:04:17]} 45. Kd3 {[%emt 0:12:31]} Nxg2 {[%emt 0:00:22]} 46. Kxd4 {[%emt 0:00:22]} Nf4 {[%emt 0:00:22]} 47. Ra7 {[%emt 0:00:52]} Ne6+ {[%emt 0:00:20]} 48. Kc4 {[%emt 0:00:25]} g5 {[%emt 0:03:02]} 49. Ra6+ {[%emt 0:04:17]} Kd7 {[%emt 0:00:15]} 50. Rb6 {[%emt 0:00:19]} g4 {[%emt 0:00:34]} 51. Rb7+ {[%emt 0:02:16]} Kd6 {[%emt 0:01:07]} 52. Rb6+ {[%emt 0:00:36]} Kd7 {[%emt 0:00:11]} 53. Rb5 {[%emt 0:02:20]} Rf4+ {[%emt 0:00:26]} 54. Kd3 {[%emt 0:00:13]} a4 {[%emt 0:00:27]} 55. Rh5 {[%emt 0:01:11]} Ke8 {[%emt 0:00:43]} 56. Rxh7 {[%emt 0:00:26]} Nxg7 {[%emt 0:00:23]} 57. Rxg7 {[%emt 0:00:26]} Rf3+ {[%emt 0:00:46]} 58. Kc4 {[%emt 0:01:00]} Ra3 {[%emt 0:00:27]} 59. Rxg4 {[%emt 0:00:24]} Rxa2 {[%emt 0:00:07]} 60. h4 {[%emt 0:00:40]} Rf2 {[%emt 0:00:29]} 61. Kb4 {[%emt 0:00:27]} Rxf6 {[%emt 0:00:15]} 62. Kxa4 {[%emt 0:00:07]} Rf5 {[%emt 0:00:15]} 63. Kb4 {[%emt 0:00:11]} Kf7 {[%emt 0:00:07]} 64. Kc4 {[%emt 0:00:08]} Ra5 {[%emt 0:01:04]} 65. Kd3 {[%emt 0:00:12]} Re5 {[%emt 0:00:05] Ke4 Ke7+} 1/2-1/2

[Event "55th Rubinstein Memorial-A 2019"]
[Site "Polanica-Zdroj"]
[Date "2019.08.25"]
[Round "9.27"]
[White "Kacprzak, Karol"]
[Black "Skiba, Aleksandra"]
[Result "1/2-1/2"]
[WhiteElo "1973"]
[BlackElo "1703"]
[Annotator "NA"]
[PlyCount "139"]
[EventDate "2019.08.17"]
[EventType "swiss"]
[EventCountry "POL"]
[SourceTitle "playchess.com"]
[Source "ChessBase"]
[SourceQuality "1"]
[TimeControl "40/5400+30:1800+30"]

1. e4 {[%emt 0:00:00]} c5 {[%emt 0:00:00]} 2. Nf3 {[%emt 0:00:00]} Nc6 {[%emt 0:00:00]} 3. d4 {[%emt 0:00:00]} cxd4 {[%emt 0:00:00]} 4. Nxd4 {[%emt 0:00:00]} e5 {[%emt 0:00:00]} 5. Nb5 {[%emt 0:00:02]} d6 {[%emt 0:00:03]} 6. N1c3 {[%emt 0:00:05]} a6 {[%emt 0:00:05]} 7. Na3 {[%emt 0:00:05]} b5 {[%emt 0:00:05]} 8. Nd5 {[%emt 0:00:06]} Nge7 {[%emt 0:00:38]} 9. Be3 {[%emt 0:07:18]} Nxd5 {[%emt 0:07:13]} 10. exd5 {[%emt 0:01:00]} Nd4 {[%emt 0:15:27]} 11. Bxd4 {[%emt 0:07:40]} exd4 {[%emt 0:00:09]} 12. Qxd4 {[%emt 0:00:13]} Be7 {[%emt 0:00:23]} 13. c3 {[%emt 0:02:40]} O-O {[%emt 0:02:05]} 14. Be2 {[%emt 0:00:37]} Bf6 {[%emt 0:05:36]} 15. Qd2 {[%emt 0:01:29]} Re8 {[%emt 0:07:50]} 16. O-O {[%emt 0:02:13]} Bg5 {[%emt 0:13:40]} 17. f4 {[%emt 0:09:29]} Qb6+ {[%emt 0:00:22]} 18. Kh1 {[%emt 0:00:07]} Bh4 {[%emt 0:06:50]} 19. Nc2 {[%emt 0:04:27]} Bb7 {[%emt 0:01:08]} 20. Bf3 {[%emt 0:00:46]} Rac8 {[%emt 0:03:21]} 21. g3 {[%emt 0:03:51]} Bf6 {[%emt 0:00:07]} 22. Rae1 {[%emt 0:01:08]} g6 {[%emt 0:03:26]} 23. Ne3 {[%emt 0:07:04]} Bg7 {[%emt 0:02:59]} 24. Ng4 {[%emt 0:11:36]} h5 {[%emt 0:10:21]} 25. Ne3 {[%emt 0:05:03]} Qc5 {[%emt 0:02:04]} 26. Ng2 {[%emt 0:09:12]} Rxe1 {[%emt 0:03:36]} 27. Rxe1 {[%emt 0:00:10]} Kf8 {[%emt 0:00:15]} 28. f5 {[%emt 0:01:44]} gxf5 {[%emt 0:06:29]} 29. Nh4 {[%emt 0:00:18]} Re8 {[%emt 0:00:45]} 30. Rxe8+ {[%emt 0:01:34]} Kxe8 {[%emt 0:00:01]} 31. Nxf5 {[%emt 0:00:09]} Bf8 {[%emt 0:03:20]} 32. h4 {[%emt 0:04:44]} Qc4 {[%emt 0:02:06]} 33. Kh2 {[%emt 0:07:48]} Qxa2 {[%emt 0:01:59]} 34. Qe2+ {[%emt 0:00:35]} Kd7 {[%emt 0:01:33]} 35. Qg2 {[%emt 0:02:40]} Qc4 {[%emt 0:01:04]} 36. g4 {[%emt 0:01:52]} Qf4+ {[%emt 0:00:42]} 37. Kh3 {[%emt 0:00:37]} hxg4+ {[%emt 0:01:02]} 38. Bxg4 {[%emt 0:00:05]} Kd8 {[%emt 0:00:07]} 39. Qg1 {[%emt 0:06:19]} Qc4 {[%emt 0:01:38]} 40. Qb6+ {[%emt 0:00:00]} Qc7 {[%emt 0:00:00]} 41. Qd4 {[%emt 0:07:31]} Bc8 {[%emt 0:03:19]} 42. Qf6+ {[%emt 0:00:41]} Ke8 {[%emt 0:00:07]} 43. Ne3 {[%emt 0:05:51]} Bb7 {[%emt 0:05:28]} 44. h5 {[%emt 0:05:05]} Qe7 {[%emt 0:07:28]} 45. Qd4 {[%emt 0:03:28]} Qc7 {[%emt 0:04:32]} 46. Qa7 {[%emt 0:03:57]} Kd8 {[%emt 0:00:18]} 47. Kg3 {[%emt 0:04:49]} a5 {[%emt 0:01:34]} 48. Kh3 {[%emt 0:00:44]} Bg7 {[%emt 0:04:27]} 49. Nf5 {[%emt 0:00:16]} Bf6 {[%emt 0:01:03]} 50. Qe3 {[%emt 0:01:52]} Bxd5 {[%emt 0:01:21]} 51. Qh6 {[%emt 0:00:07]} Be7 {[%emt 0:02:37]} 52. Qh8+ {[%emt 0:00:06]} Kd7 {[%emt 0:00:34]} 53. Nd4+ {[%emt 0:00:53]} Be6 {[%emt 0:00:08]} 54. Bxe6+ {[%emt 0:03:40]} fxe6 {[%emt 0:00:01]} 55. Qg8 {[%emt 0:00:59]} Qc4 {[%emt 0:00:09]} 56. h6 {[%emt 0:01:28]} Qf1+ {[%emt 0:01:00]} 57. Qg2 {[%emt 0:01:08]} Qxg2+ {[%emt 0:02:46]} 58. Kxg2 {[%emt 0:00:02]} b4 {[%emt 0:00:07]} 59. cxb4 {[%emt 0:00:04]} axb4 {[%emt 0:00:04]} 60. b3 {[%emt 0:00:04]} Bf6 {[%emt 0:00:21]} 61. Nc2 {[%emt 0:00:12]} Ke7 {[%emt 0:01:45]} 62. Nxb4 {[%emt 0:00:10]} Kf7 {[%emt 0:00:03]} 63. Nc6 {[%emt 0:00:39]} Bg5 {[%emt 0:01:17]} 64. h7 {[%emt 0:00:50]} Kg7 {[%emt 0:00:05]} 65. Nd4 {[%emt 0:00:16]} Kxh7 {[%emt 0:00:18]} 66. Nxe6 {[%emt 0:00:23]} Bd2 {[%emt 0:00:07]} 67. Kf3 {[%emt 0:00:06]} Kg6 {[%emt 0:00:06]} 68. Ke4 {[%emt 0:00:04]} Kf7 {[%emt 0:00:28]} 69. Kd5 {[%emt 0:00:05]} Ke7 {[%emt 0:00:14]} 70. Ke4 1/2-1/2